Regulations in plants by hormones: a study in experimental design (Record no. 80027)
[ view plain ]
| 000 -LEADER | |
|---|---|
| fixed length control field | 00715nam a2200169 a 4500 |
| 008 - FIXED-LENGTH DATA ELEMENTS--GENERAL INFORMATION | |
| fixed length control field | 120416s1964 ||||||||||||||||| || u |
| 050 ## - LIBRARY OF CONGRESS CALL NUMBER | |
| Classification number | QK 731 Jac |
| 100 ## - MAIN ENTRY--PERSONAL NAME | |
| Personal name | Jacobs, William P |
| 245 10 - TITLE STATEMENT | |
| Title | Regulations in plants by hormones: a study in experimental design |
| 260 ## - PUBLICATION, DISTRIBUTION, ETC. | |
| Place of publication, distribution, etc. | Lexington |
| Name of publisher, distributor, etc. | D. C. Heath |
| Date of publication, distribution, etc. | 1964 |
| 300 ## - PHYSICAL DESCRIPTION | |
| Extent | x, 115p. : ill. |
| 350 ## - | |
| -- | 0.00 |
| 650 ## - SUBJECT ADDED ENTRY--TOPICAL TERM | |
| Topical term or geographic name entry element | Plants--Classification |
| 650 ## - SUBJECT ADDED ENTRY--TOPICAL TERM | |
| Topical term or geographic name entry element | PLANTS |
| 995 ## - | |
| -- | BINDERY (DAMAGED) |
| -- | 0.00 |
| -- | 713344 |
| -- | CBU-MAIN LIBRARY (Kitwe) |
| -- | 1 |
| -- | 1.10 |
| -- | QK 731 Jac |
| -- | 2 |
| -- | DAMAGED |
| -- | 014681 |
| -- | Main Library Open Access Collection |
| 995 ## - | |
| -- | BINDERY (DAMAGED) |
| -- | 0.00 |
| -- | 713343 |
| -- | CBU-MAIN LIBRARY (Kitwe) |
| -- | 2 |
| -- | 1.10 |
| -- | QK 731 Jac |
| -- | 1 |
| -- | DAMAGED |
| -- | 014680 |
| -- | Main Library Open Access Collection |
| 999 ## - | |
| -- | 80027 |
| -- | 80027 |
| Withdrawn status | Lost status | Source of classification or shelving scheme | Damaged status | Not for loan | Permanent Location | Current Location | Shelving location | Date acquired | Total Checkouts | Full call number | Barcode | Date last seen | Copy number | Price effective from | Koha item type |
|---|---|---|---|---|---|---|---|---|---|---|---|---|---|---|---|
| CBU-MAIN LIBRARY, KITWE. | CBU-MAIN LIBRARY, KITWE. | 06/29/2023 | QK 731 Jac | 014681 | 06/29/2023 | 1 | 06/29/2023 | MONOGRAPH | |||||||
| CBU-MAIN LIBRARY, KITWE. | CBU-MAIN LIBRARY, KITWE. | 06/29/2023 | QK 731 Jac | 014680 | 06/29/2023 | 2 | 06/29/2023 | MONOGRAPH |